| 000 | 00727nam a2200217 a 4500 | ||
|---|---|---|---|
| 001 | 2167 | ||
| 003 | CDMR | ||
| 005 | 20131203131042.0 | ||
| 008 | 130130s1986||||||||||||||||||||||||||||d | ||
| 020 | _a8430660011 | ||
| 040 |
_aCDMR _bcat _cCDMR |
||
| 100 | 1 |
_aTarde, Gabriel _91614 |
|
| 245 | 1 | 3 |
_aLa opinión y la multitud _cGabriel Tarde ; prólogo y versión castellana de Eloy Terrón |
| 260 |
_aMadrid _c1986 _bTaurus |
||
| 300 | _a183 p. | ||
| 490 | 0 |
_aNoesis de Comunicación _v1 |
|
| 505 | _aConté: 1. El público y la multitud ; 2.- La opinión y la conversación ; 3.- Las multitudes y las sectas criminales | ||
| 650 | 0 | 4 |
_94172 _aSocietat de massa |
| 650 | 0 | 4 |
_94289 _aComunicació _xAspectes socials |
| 942 |
_cMON _2udc |
||
| 999 |
_c2167 _d2167 |
||